[Event "Titled Tuesday intern op 24th Oct Late"]
[Site "Chess.com INT"]
[Date "2023.10.24"]
[Round "10"]
[White "Arman, Deniz"]
[Black "Galchenko, Matvey"]
[Result "1-0"]
[WhiteElo "2287"]
[BlackElo "2438"]
[PlyCount "101"]
[EventDate "2023.10.24"]
[EventType "swiss (blitz)"]
[EventRounds "11"]
[EventCountry "USA"]
[SourceTitle "Mega2024 Update 01"]
[Source "Chessbase"]
[SourceDate "2023.11.12"]
[SourceVersion "1"]
[SourceVersionDate "2023.11.12"]
[SourceQuality "1"]

1. e4 c5 2. d4 cxd4 3. c3 g6 4. Nf3 Bg7 5. Bc4 e6 6. cxd4 d5 7. exd5 exd5 8. Bb5+ Bd7 9. Bxd7+ Nxd7 10. 0-0 Ne7 11. Re1 0-0 12. Nc3 Re8 13. Bg5 Nf6 14. Ne5 Nf5 15. g4 Ne7 16. Qf3 Qd6 17. Nb5 Qb6 18. Bxf6 Qxf6 19. Qxf6 Bxf6 20. Nc7 Red8 21. Nxa8 Rxa8 22. Rac1 Nc6 23. Nxc6 bxc6 24. Rxc6 Bxd4 25. b4 Rb8 26. a3 Bb6 27. Rd6 d4 28. Re7 Rc8 29. Rdd7 Rc2 30. Rxf7 d3 31. Rg7+ Kf8 32. Rxh7 Kg8 33. Rhg7+ Kf8 34. Rgf7+ Kg8 35. Rf3 d2 36. Rfd3 Bxf2+ 37. Kf1 Be1 38. Rxa7 Rc8 39. Rad7 Rc1 40. Ke2 Kf8 41. Rxd2 Bxd2 42. Rxd2 Rh1 43. Kd3 Ra1 44. Kc4 Rxa3 45. b5 Ke7 46. b6 Ra1 47. Rb2 Rc1+ 48. Kd4 Rd1+ 49. Ke5 Rd8 50. b7 Rb8 51. g5 1-0

[Event "Titled Tuesday intern op 24th Oct Late"]
[Site "Chess.com INT"]
[Date "2023.10.24"]
[Round "9"]
[White "Golubev, Mikhail"]
[Black "Arman, Deniz"]
[Result "0-1"]
[WhiteElo "2461"]
[BlackElo "2287"]
[PlyCount "68"]
[EventDate "2023.10.24"]
[EventType "swiss (blitz)"]
[EventRounds "11"]
[EventCountry "USA"]
[SourceTitle "Mega2024 Update 01"]
[Source "Chessbase"]
[SourceDate "2023.11.12"]
[SourceVersion "1"]
[SourceVersionDate "2023.11.12"]
[SourceQuality "1"]

1. e4 d5 2. exd5 Qxd5 3. Nc3 Qd6 4. d4 Nf6 5. Nf3 Bg4 6. h3 Bh5 7. g4 Bg6 8. Bg2 c6 9. Qe2 Nbd7 10. Be3 e6 11. 0-0-0 Qb4 12. Nh4 Nb6 13. a3 Qa5 14. Nxg6 hxg6 15. Nb1 0-0-0 16. Rd3 Nfd5 17. Rhd1 Nc4 18. Rb3 b5 19. Nc3 Rd7 20. Bxd5 exd5 21. Na2 Qc7 22. Qf3 Qd6 23. Kb1 Qf6 24. Qg2 a5 25. Nc1 a4 26. Rbd3 Re7 27. c3 Qe6 28. Ne2 Qe4 29. Qf1 Qf3 30. Ng1 Qh1 31. Ka2 Re4 32. Bc1 Bd6 33. Rf3 f6 34. Rfd3 Bh2 0-1

[Event "SWE-chT 2324 Elite"]
[Site "Sweden"]
[Date "2023.10.15"]
[Round "3.1"]
[White "Arman, Deniz"]
[Black "Seo, Jung Min"]
[Result "1/2-1/2"]
[WhiteElo "2287"]
[BlackElo "2466"]
[PlyCount "139"]
[EventDate "2023.10.13"]
[EventType "team-tourn"]
[EventRounds "9"]
[EventCountry "SWE"]
[SourceTitle "Mega2024 Update 01"]
[Source "Chessbase"]
[SourceDate "2023.11.12"]
[SourceVersion "1"]
[SourceVersionDate "2023.11.12"]
[SourceQuality "1"]
[WhiteTeam "Vaxjo"]
[BlackTeam "Stockholm Rockaden"]
[WhiteTeamCountry "SWE"]
[BlackTeamCountry "SWE"]

1. e4 c5 2. Nf3 d6 3. Bb5+ Nd7 4. a4 Ngf6 5. Nc3 a6 6. Be2 g6 7. a5 Bg7 8. d3 0-0 9. 0-0 b5 10. axb6 Nxb6 11. Bd2 a5 12. Qc1 a4 13. Bh6 e5 14. Bxg7 Kxg7 15. Nd2 Be6 16. Nc4 Nxc4 17. dxc4 Bd7 18. Qe3 Bc6 19. Rfd1 Qe7 20. f3 Nh5 21. Nb5 Nf4 22. Bf1 Rfd8 23. g3 Ne6 24. c3 Nc7 25. Rd2 Rab8 26. Rxa4 Nxb5 27. cxb5 Bxb5 28. Bxb5 Rxb5 29. Ra6 Qc7 30. Qd3 c4 31. Qe3 d5 32. exd5 Rbxd5 33. Rxd5 Rxd5 34. Ra1 Rd3 35. Qf2 Qc6 36. Rf1 Qd5 37. Re1 f6 38. Kg2 g5 39. g4 h5 40. h3 h4 41. Re4 Kg6 42. Re3 Kg7 43. Re2 Kf7 44. Re3 Rd1 45. Re1 Qd3 46. Rxd1 Qxd1 47. Qa7+ Kg6 48. Qe3 Qc2+ 49. Qf2 Qd3 50. Qe1 Kf7 51. Kf2 Ke6 52. Qe2 Qd5 53. Qc2 Qc5+ 54. Ke2 Qg1 55. Qf5+ Ke7 56. Qh7+ Kd6 57. Qb7 Qh2+ 58. Kd1 Qh1+ 59. Ke2 Qg2+ 60. Ke1 Qxh3 61. Qb6+ Ke7 62. Qc7+ Ke8 63. Qc8+ Kf7 64. Qd7+ Kg6 65. Qe8+ Kg7 66. Qe7+ Kg6 67. Qe8+ Kh6 68. Qh8+ Kg6 69. Qg8+ Kh6 70. Qh8+ 1/2-1/2

[Event "Titled Tuesday intern op 29th Aug Late"]
[Site "Chess.com INT"]
[Date "2023.08.29"]
[Round "6"]
[White "Arman, Deniz"]
[Black "Estrada Nieto, Julian"]
[Result "1-0"]
[WhiteElo "2287"]
[BlackElo "2217"]
[PlyCount "85"]
[EventDate "2023.08.29"]
[EventType "swiss (blitz)"]
[EventRounds "11"]
[EventCountry "USA"]
[SourceTitle "EXT 2024"]
[Source "ChessBase"]
[SourceDate "2023.10.10"]
[SourceVersion "1"]
[SourceVersionDate "2023.10.10"]
[SourceQuality "1"]

1. e4 e5 2. d4 exd4 3. Bc4 Nc6 4. Nf3 Bc5 5. 0-0 d6 6. b4 Bb6 7. a4 a6 8. a5 Ba7 9. b5 Ne5 10. Nxe5 dxe5 11. bxa6 bxa6 12. f4 d3+ 13. Kh1 Qd4 14. Ra4 Qd7 15. cxd3 Nh6 16. fxe5 0-0 17. Bxh6 gxh6 18. Rxf7 Rxf7 19. e6 Qxe6 20. Bxe6 Bxe6 21. Nd2 Raf8 22. h3 Be3 23. Qe2 Ba7 24. d4 Bd7 25. Rb4 c5 26. Rb7 Bb5 27. Qg4+ Kh8 28. Rxf7 Rxf7 29. dxc5 Bxc5 30. Qc8+ Bf8 31. Nf3 Kg7 32. Qc3+ Kg8 33. e5 Be7 34. Qc8+ Bf8 35. Qg4+ Rg7 36. Qe6+ Rf7 37. Nd4 Bd7 38. Qd5 Kg7 39. e6 Rf1+ 40. Kh2 Be8 41. Nf5+ Kf6 42. Ne3 Rf4 43. Kg3 1-0

[Event "TUR-chT 2nd League"]
[Site "Denizli"]
[Date "2023.07.12"]
[Round "6.161"]
[White "Arman, Deniz"]
[Black "Kavacik, Ahmet"]
[Result "1-0"]
[WhiteElo "2285"]
[BlackElo "1747"]
[PlyCount "48"]
[EventDate "2023.07.09"]
[EventType "team-swiss"]
[EventRounds "9"]
[EventCountry "TUR"]
[SourceTitle "CBM 215 Extra"]
[Source "ChessBase"]
[SourceDate "2023.09.30"]
[SourceVersion "1"]
[SourceVersionDate "2023.09.30"]
[SourceQuality "1"]
[WhiteTeam "Sisli"]
[BlackTeam "Marmara Universitesi"]
[WhiteTeamCountry "TUR"]
[BlackTeamCountry "TUR"]

1. e4 e5 2. Nf3 Nc6 3. Bb5 Nge7 4. d4 exd4 5. Nxd4 Nxd4 6. Qxd4 Nc6 7. Bxc6 dxc6 8. Qc3 Be7 9. Qxg7 Bf6 10. Qg3 Qe7 11. 0-0 Bd7 12. Qxc7 Be5 13. Qa5 b6 14. Qa3 Bd6 15. Qf3 Rg8 16. g3 Bg4 17. Qc3 Kd7 18. Nd2 b5 19. Nb3 h5 20. f3 Bh3 21. Rd1 Kc7 22. Kf2 h4 23. Rxd6 hxg3+ 24. hxg3 Bf5 1-0